| 000 | 00902nas a2200289 4500 | ||
|---|---|---|---|
| 001 | BR8305642 | ||
| 003 | BR-BrBNA | ||
| 005 | 20231205085706.0 | ||
| 007 | ta | ||
| 008 | 230509b bl.|||p| |||| 00| 00por d | ||
| 040 |
_aBR-BrBNA _bpor _cBiblioteca Nacional de Agricultura |
||
| 041 | _a(Pt) | ||
| 072 | _aL40 | ||
| 100 | 1 | _aGomes, M. da G.S. | |
| 100 | 1 | _aMacha, N. | |
| 100 | 1 | _aSawaya, P. | |
| 100 | 1 | _aPinheiro, H.A. de G. | |
| 245 | 1 | _aContribuicao ao estudo histoquimico do ovario de macrobrachium Acanthurus (Wiegmann 1836)nos diferentes estagios de evolucao gonodal 3. RNA [Bahia, Brasil] | |
| 650 | _aAPARELHO REPRODUTOR | ||
| 650 | _aCAMARAO PITU | ||
| 650 | _aHISTOQUIMICA | ||
| 650 | _aVETERINARIA | ||
| 650 | _aBAHIA | ||
| 773 | 0 |
_tNatura (Brazil) _xISSN 0100-1833 _g(1983), v. 5(1) p. 49-57 _wBR8305642 |
|
| 909 |
_a202311 _bLúcia _c55 _dLúcia Elande |
||
| 942 |
_2AGRIS _n0 _cANA |
||
| 999 |
_c113118 _d113118 |
||